| 000 | 01090cam a22002895a 4500 | ||
|---|---|---|---|
| 001 | ocn232366255 | ||
| 003 | EG-ScBUE | ||
| 005 | 20221213115259.0 | ||
| 008 | 080616s2005 enka f b 001 0 eng d | ||
| 020 | _a9780521723718 (pbk.) | ||
| 035 | _a(OCoLC)ocn232366255 | ||
| 040 |
_aUKM _beng _erda _cUKM _dYDXCP _dBAKER _dEG-ScBUE |
||
| 043 | _ae-it--- | ||
| 082 | 0 | 4 |
_a726.120709376 _bSTA _222 |
| 100 | 1 |
_aStamper, John W., _eauthor. _938726 |
|
| 245 | 1 | 4 |
_aThe architecture of Roman temples : _bthe republic to the middle empire / _cJohn W. Stamper, University of Notre Dame. |
| 264 | 1 |
_aCambridge : _bCambridge University Press, _c2005. |
|
| 300 |
_axv, 287 pages : _billustrations ; _c28 cm |
||
| 504 | _aIncludes bibliographical references and index. | ||
| 610 | 2 | 7 |
_aTemple of Jupiter Capitolinus (Rome, Italy) _2BUEsh |
| 650 | 7 |
_aTemples, Roman _zItaly _zRome. _2BUEsh |
|
| 650 | 7 |
_aArchitecture, Roman _zItaly _zRome _xInfluence. _2BUEsh |
|
| 651 | 7 |
_aRome (Italy) _xBuildings, structures, etc. _2BUEsh |
|
| 653 |
_bENGARC _cNovember2015 |
||
| 655 | _vReading book | ||
| 942 |
_2ddc _cBB |
||
| 999 |
_c21044 _d21016 |
||